00432nam a2200109Ia 4500008004100000020002200041100001800063245014100081260004200222300004800264650001000312200902s9999 xx 000 0 und d a978-621-406-050-4 aNieto, Emi F. cEmi F. Nieto, Diana B. Esrella, Niel Vincent I. Pedro, Romeo Z. Apolinario, Anna Michelle G. Ramos.--aComprehensive workbook in logic / aManila :bMindshapers Co., Inc.c2016 aviii , 192 pages :billustrations ;c23 cm. aLogic